000 00543nam a22001577a 4500
003 NUST
038 _aNusrat Nadeem
082 _a200
100 _aIhtesham, Tooba
_9130684
245 _aThe Dynamics of Social Media Detoxification among Gen X, Millennials & Gen Z: A Comparative Study./
_cIhtesham, Tooba
264 _aIslamabad:
_bS3H NUST.
_c2025.
650 _aMS-Government and Public Policy
_9125323
700 _aSupervisor: Dr. Asim Imran
_9130685
856 _uhttp://10.250.8.41:8080/xmlui/handle/123456789/55001
942 _2ddc
_cSC
999 _c614852
_d614852